|
|
|
|
| LEADER |
00666nta a2200181 i 4500 |
| 001 |
dipl134968 |
| 005 |
20230802113625.0 |
| 008 |
230802s2022 hu om 0|| hun d |
| 040 |
|
|
|a SZTE Diploma Repozitórium
|b hun
|
| 041 |
|
|
|a hun
|
| 100 |
1 |
|
|a Herold Vivien
|
| 245 |
1 |
0 |
|a Műanyag part
|h [elektronikus dokumentum] :
|b diplomamunka dokumentáció /
|c Vivien Herold
|
| 246 |
1 |
0 |
|a Plastic shore
|h [elektronikus dokumentum]
|
| 260 |
|
|
|c 2022
|
| 650 |
|
4 |
|a Pedagógusképzés
|
| 650 |
|
4 |
|a Arts (arts, history of arts, performing arts, music)
|
| 700 |
1 |
|
|a Marosi Katalin
|e ths
|
| 856 |
4 |
0 |
|u https://diploma.bibl.u-szeged.hu/id/eprint/134968/1/2022_herold_vivien.pdf
|z Dokumentum-elérés
|